[Event "Osijek OBZ Cup 2nd"]
[Site "Osijek"]
[Date "2009.03.14"]
[Round "2.4"]
[White "Grguric, Stjepan Kresimir"]
[Black "Elezovic, Damir"]
[Result "1-0"]
[WhiteElo "1942"]
[BlackElo "1951"]
[PlyCount "101"]
[EventDate "2009.03.13"]
[EventType "team-tourn"]
[EventRounds "5"]
[EventCountry "CRO"]
[SourceTitle "EXT 2011"]
[Source "ChessBase"]
[SourceDate "2010.11.26"]
[SourceVersion "1"]
[SourceVersionDate "2010.11.26"]
[SourceQuality "1"]

1. e4 d5 2. exd5 Nf6 3. d4 Nxd5 4. c4 Nb6 5. Nf3 g6 6. Nc3 Bg7 7. Be3 0-0 8. Be2 Nc6 9. Rc1 Bg4 10. d5 Bxf3 11. Bxf3 Ne5 12. b3 Nxf3+ 13. Qxf3 Nd7 14. 0-0 Ne5 15. Qe2 c6 16. f4 Nd7 17. dxc6 bxc6 18. Qf3 Qc7 19. Ne4 f5 20. Ng5 Rf6 21. Bd4 Rd6 22. Bxg7 Kxg7 23. Rce1 Nf8 24. Re2 h6 25. Rfe1 Qb6+ 26. Kh1 hxg5 27. Rxe7+ Kg8 28. g4 Qd4 29. gxf5 Qxf4 30. Qc3 Qd4 31. Qg3 Qf4 32. Qc3 Qd4 33. Qg3 Nh7 34. fxg6 Rxg6 35. Qf3 Rf8 36. Qh3 Qh4 37. Qd3 Rgf6 38. R7e6 Qf2 39. R6e3 Rh6 40. h3 g4 41. Rg1 Nf6 42. Reg3 Kh8 43. R1g2 Qe1+ 44. Kh2 Qe5 45. Kh1 Ne4 46. Rxg4 Nf6 47. R4g3 Nh5 48. Rg4 Nf4 49. Qg3 Rxh3+ 50. Qxh3+ Nxh3 51. Rh4+ 1-0

[Event "Osijek OBZ Cup 2nd"]
[Site "Osijek"]
[Date "2009.03.13"]
[Round "1.4"]
[White "Grguric, Damir"]
[Black "Elezovic, Damir"]
[Result "1/2-1/2"]
[WhiteElo "2006"]
[BlackElo "1951"]
[PlyCount "48"]
[EventDate "2009.03.13"]
[EventType "team-tourn"]
[EventRounds "5"]
[EventCountry "CRO"]
[SourceTitle "EXT 2011"]
[Source "ChessBase"]
[SourceDate "2010.11.26"]
[SourceVersion "1"]
[SourceVersionDate "2010.11.26"]
[SourceQuality "1"]

1. d4 Nf6 2. c4 g6 3. Nc3 d5 4. Nf3 Bg7 5. e3 0-0 6. Be2 c5 7. 0-0 cxd4 8. exd4 Nc6 9. Be3 dxc4 10. Bxc4 e6 11. a3 b6 12. Rc1 Bb7 13. b4 Rc8 14. Qb3 Qe7 15. Rfd1 Rcd8 16. Bg5 h6 17. Bxf6 Bxf6 18. d5 Ne5 19. Nxe5 Bxe5 20. dxe6 f5 21. Rd7 Qg5 22. Bf1 Kh8 23. Rxd8 Rxd8 24. Re1 Qf4 1/2-1/2

[Event "Osijek op"]
[Site "Osijek"]
[Date "2008.12.10"]
[Round "3"]
[White "Truscek, Dubravko"]
[Black "Elezovic, Damir"]
[Result "0-1"]
[WhiteElo "1833"]
[BlackElo "2020"]
[PlyCount "45"]
[EventDate "2008.12.08"]
[EventType "swiss"]
[EventRounds "9"]
[EventCountry "CRO"]
[SourceTitle "CBM 128 Extra"]
[Source "ChessBase"]
[SourceDate "2009.03.05"]
[SourceVersion "2"]
[SourceVersionDate "2009.03.25"]
[SourceQuality "1"]

1. f4 d5 2. d4 Bf5 3. Nf3 Nf6 4. h3 e6 5. e3 Be7 6. Nbd2 Ne4 7. Nxe4 Bxe4 8. b3 Nd7 9. Bd3 Nf6 10. 0-0 Bxf3 11. Qxf3 c6 12. g4 Qc7 13. c4 dxc4 14. Bxc4 0-0-0 15. Bd2 Nd5 16. Rfc1 f5 17. gxf5 exf5 18. Bxd5 Rxd5 19. Qxd5 cxd5 20. Rxc7+ Kxc7 21. Rc1+ Kd7 22. a3 Rc8 23. Bc3 0-1

[Event "Osijek op"]
[Site "Osijek"]
[Date "2008.02.01"]
[Round "7"]
[White "Leventic, Ivan"]
[Black "Elezovic, Damir"]
[Result "1-0"]
[WhiteElo "2493"]
[BlackElo "2017"]
[PlyCount "53"]
[EventDate "2008.01.26"]
[EventType "team"]
[EventRounds "9"]
[EventCountry "CRO"]
[SourceTitle "EXT 2009"]
[Source "ChessBase"]
[SourceDate "2008.11.26"]
[SourceVersion "1"]
[SourceVersionDate "2008.11.26"]
[SourceQuality "1"]

1. e4 e5 2. Nf3 Nf6 3. d4 Nxe4 4. Bd3 d5 5. Nxe5 Nd7 6. Nxd7 Bxd7 7. 0-0 Bd6 8. c4 c6 9. Nc3 Nxc3 10. bxc3 0-0 11. c5 Bc7 12. Qh5 g6 13. Qh6 Qf6 14. Re1 Bd8 15. Rb1 b5 16. Rb2 Qh4 17. Rbe2 Bf6 18. Qd2 Rfe8 19. g3 Qg4 20. f3 Qh3 21. Qf4 Kg7 22. Bd2 Rxe2 23. Rxe2 Re8 24. Rxe8 Bxe8 25. g4 h6 26. Be1 Bd7 27. Bf1 1-0

[Event "Osijek op"]
[Site "Osijek"]
[Date "2008.01.28"]
[Round "3"]
[White "Elezovic, Damir"]
[Black "Vlaicevic, Marin"]
[Result "1-0"]
[WhiteElo "2017"]
[BlackElo "2046"]
[PlyCount "99"]
[EventDate "2008.01.26"]
[EventType "team"]
[EventRounds "9"]
[EventCountry "CRO"]
[SourceTitle "EXT 2009"]
[Source "ChessBase"]
[SourceDate "2008.11.26"]
[SourceVersion "1"]
[SourceVersionDate "2008.11.26"]
[SourceQuality "1"]

1. e4 c5 2. Nf3 d6 3. d4 cxd4 4. Nxd4 Nf6 5. Nc3 a6 6. Be2 e5 7. Nb3 Be6 8. 0-0 Be7 9. Be3 Qc7 10. f4 0-0 11. f5 Bxb3 12. axb3 Nbd7 13. g4 Nc5 14. Bf3 h6 15. Qe1 d5 16. Nxd5 Nxd5 17. exd5 e4 18. Bg2 Qe5 19. f6 Bd6 20. Bf4 Qxf6 21. Bxd6 Qxd6 22. b4 Nd7 23. Qxe4 Rae8 24. Qf4 Qb6+ 25. Kh1 Re2 26. Qc4 Qe3 27. Qc3 Qg5 28. h3 Nf6 29. Rae1 Nxd5 30. Qc5 Rxe1 31. Rxe1 Qd2 32. Rg1 Nxb4 33. Bxb7 Re8 34. Be4 g6 35. Qc4 Qf4 36. Bd5 Nxd5 37. Qxd5 Re2 38. Rg2 Qf1+ 39. Kh2 Rxg2+ 40. Qxg2 Qxg2+ 41. Kxg2 Kf8 42. Kf3 Ke7 43. Ke4 Kd6 44. b4 f5+ 45. gxf5 gxf5+ 46. Kd4 f4 47. c4 f3 48. Ke3 Ke5 49. Kxf3 Kd4 50. c5 1-0

[Event "Osijek op 3rd"]
[Site "Osijek"]
[Date "2007.12.14"]
[Round "7.8"]
[White "Elezovic, Damir"]
[Black "Jukic, Jurica"]
[Result "1/2-1/2"]
[WhiteElo "2012"]
[BlackElo "2111"]
[PlyCount "68"]
[EventDate "2007.12.08"]
[EventType "swiss"]
[EventRounds "9"]
[EventCountry "CRO"]
[SourceTitle "CBM 121 Extra"]
[Source "ChessBase"]
[SourceDate "2008.01.10"]
[SourceVersion "1"]
[SourceVersionDate "2008.01.10"]
[SourceQuality "1"]

1. e4 e6 2. d4 d5 3. exd5 exd5 4. Nf3 Nf6 5. Bb5+ c6 6. Bd3 Bd6 7. Qe2+ Qe7 8. Qxe7+ Bxe7 9. 0-0 0-0 10. Re1 Bd6 11. Bg5 Nbd7 12. Nc3 h6 13. Bd2 Rd8 14. Re2 Nf8 15. h3 a6 16. Rae1 Ne6 17. Na4 Nf4 18. Bxf4 Bxf4 19. Nb6 Rb8 20. Ne5 Be6 21. g3 Bxe5 22. dxe5 Nd7 23. Nxd7 Bxd7 24. g4 g5 25. Bf5 Be6 26. Kg2 Re8 27. Kg3 Re7 28. h4 Rbe8 29. f4 gxf4+ 30. Kxf4 Bd7 31. g5 hxg5+ 32. hxg5 Bxf5 33. Kxf5 Re6 34. Rh1 Kg7 1/2-1/2

[Event "Osijek op 3rd"]
[Site "Osijek"]
[Date "2007.12.13"]
[Round "6.5"]
[White "Cajzler, Hinko"]
[Black "Elezovic, Damir"]
[Result "1-0"]
[WhiteElo "2182"]
[BlackElo "2012"]
[PlyCount "77"]
[EventDate "2007.12.08"]
[EventType "swiss"]
[EventRounds "9"]
[EventCountry "CRO"]
[SourceTitle "CBM 121 Extra"]
[Source "ChessBase"]
[SourceDate "2008.01.10"]
[SourceVersion "1"]
[SourceVersionDate "2008.01.10"]
[SourceQuality "1"]

1. d4 Nf6 2. Nf3 g6 3. Bg5 d5 4. Nbd2 Bg7 5. e3 0-0 6. Be2 Nbd7 7. h3 c5 8. c3 Re8 9. Bf4 Nh5 10. Bh2 cxd4 11. cxd4 Bf6 12. g4 e5 13. dxe5 Nxe5 14. Nxe5 Rxe5 15. Bxe5 Bxe5 16. gxh5 Bxb2 17. hxg6 hxg6 18. Rb1 Bc3 19. Qc2 Qa5 20. Rb3 d4 21. exd4 Bxd4 22. Rb5 Qa3 23. Nb3 Bf5 24. Rxf5 Qb4+ 25. Kf1 gxf5 26. Nxd4 Qxd4 27. Rg1+ Kh8 28. Qxf5 Qa1+ 29. Kg2 Rg8+ 30. Bg4 Qxa2 31. Kh1 Rg6 32. Rd1 Qc4 33. Qe5+ Kh7 34. Bf5 b5 35. Bxg6+ fxg6 36. Rd7+ Kh6 37. Qe3+ g5 38. Rd6+ Kh5 39. Qe8+ 1-0

[Event "Osijek op 3rd"]
[Site "Osijek"]
[Date "2007.12.09"]
[Round "3.6"]
[White "Oreskovic, Pero"]
[Black "Elezovic, Damir"]
[Result "1-0"]
[WhiteElo "2154"]
[BlackElo "2012"]
[PlyCount "121"]
[EventDate "2007.12.08"]
[EventType "swiss"]
[EventRounds "9"]
[EventCountry "CRO"]
[SourceTitle "CBM 121 Extra"]
[Source "ChessBase"]
[SourceDate "2008.01.10"]
[SourceVersion "1"]
[SourceVersionDate "2008.01.10"]
[SourceQuality "1"]

1. c4 Nf6 2. Nf3 g6 3. Qc2 d5 4. e3 Bg7 5. Nc3 Nc6 6. a3 0-0 7. b4 d4 8. Nb5 e5 9. a4 a6 10. Na3 Nxb4 11. Qb3 Qd6 12. Bb2 c5 13. g3 Bf5 14. Nh4 Be4 15. f3 Bd3 16. Bxd3 dxe3 17. Ke2 Rad8 18. dxe3 Qxd3+ 19. Qxd3 Nxd3 20. Rab1 Nxb2 21. Rxb2 Rd7 22. Rd1 Rfd8 23. Rxd7 Rxd7 24. Nb1 Ne8 25. e4 Bh6 26. Nc3 Rd4 27. Rxb7 Nd6 28. Rb8+ Kg7 29. Nd5 Nxc4 30. Ne7 Rd2+ 31. Ke1 Rxh2 32. Rg8+ Kf6 33. Nd5+ Ke6 34. Re8+ Kd6 35. Rd8+ Kc6 36. Rc8+ Kd6 37. Ra8 Bd2+ 38. Kf1 a5 39. Ra6+ Kd7 40. Kg1 Re2 41. Ra7+ Ke6 42. Re7+ Kd6 43. Rxf7 Ne3 44. Rf6+ Kd7 45. Nxe3 Rxe3 46. Kf2 c4 47. Ng2 Ra3 48. f4 exf4 49. Nxf4 Bxf4 50. gxf4 Rxa4 51. Rf7+ Ke6 52. Rxh7 c3 53. Ke3 Rc4 54. Rh1 c2 55. Rc1 a4 56. Kd3 Rb4 57. Rxc2 a3 58. Rc6+ Kf7 59. Ra6 Rb3+ 60. Kd4 Rf3 61. Ke5 1-0

[Event "Osijek op"]
[Site "Osijek"]
[Date "2007.02.10"]
[Round "4"]
[White "Oreskovic, Pero"]
[Black "Elezovic, Damir"]
[Result "1-0"]
[WhiteElo "2146"]
[BlackElo "2042"]
[PlyCount "73"]
[EventDate "2007.02.08"]
[EventType "swiss"]
[EventRounds "9"]
[EventCountry "CRO"]
[SourceTitle "CBM 116 Extra"]
[Source "ChessBase"]
[SourceDate "2007.03.07"]
[SourceVersion "1"]
[SourceVersionDate "2007.03.07"]
[SourceQuality "1"]

1. Nf3 Nf6 2. g3 g6 3. Bg2 Bg7 4. 0-0 0-0 5. d3 c5 6. e4 d6 7. Nc3 Nc6 8. Bg5 Bg4 9. h3 Be6 10. Qd2 Qc8 11. Kh2 Rd8 12. Bh6 Bh8 13. Ng5 Bd7 14. f4 Bg7 15. Bxg7 Kxg7 16. Rae1 Ng8 17. e5 h6 18. Nf3 Be6 19. exd6 exd6 20. Ne4 Qd7 21. Qc3+ f6 22. g4 Nb4 23. g5 Nd5 24. Qd2 f5 25. Ng3 h5 26. Nh4 Rab8 27. Bf3 Qf7 28. Rf2 Nc7 29. Rfe2 Ne7 30. Qc3+ Kh7 31. Qf6 Qxf6 32. gxf6 Ned5 33. Bxd5 Nxd5 34. Rxe6 Nxf4 35. Re7+ Kg8 36. Rg7+ Kf8 37. Ree7 1-0

[Event "Osijek op"]
[Site "Osijek"]
[Date "2004.02.03"]
[Round "4"]
[White "Elezovic, Damir"]
[Black "Zubrinic, Tomislav"]
[Result "0-1"]
[WhiteElo "1801"]
[BlackElo "1600"]
[PlyCount "21"]
[EventDate "2004.01.??"]
[EventType "swiss"]
[EventRounds "9"]
[EventCountry "CRO"]
[SourceTitle "EXT 2005"]
[Source "ChessBase"]
[SourceDate "2004.11.15"]
[SourceVersion "1"]
[SourceVersionDate "2004.11.15"]
[SourceQuality "1"]

1. e4 e5 2. f4 exf4 3. Nf3 Be7 4. h4 d6 5. d4 Bg4 6. Bxf4 Bxh4+ 7. Rxh4 Bxf3 8. Qxf3 Qxh4+ 9. g3 Qf6 10. e5 dxe5 11. Bxe5 0-1